Т. 1; Электрические аппараты высокого напряжения. Выключатели

Detalles Bibliográficos
Parent link:Электрические аппараты высокого напряжения. Выключатели: Справочник/ Институт промышленного развития "Информэлектро". Т. 1..— , 2001-
Idioma:ruso
Publicado: 2001
Subjects:
Formato: Libro
KOHA link:https://koha.lib.tpu.ru/cgi-bin/koha/opac-detail.pl?biblionumber=57370

MARC

LEADER 00000nam2a2200000 4500
001 57370
005 20231031054206.0
010 |a 578010154X 
035 |a (RuTPU)RU\TPU\book\60515 
090 |a 57370 
100 |a 20031029d2001 m y0rusy50 ca 
101 0 |a rus 
102 |a RU 
105 |a a g 001zy 
200 0 |a Т. 1 
210 |d 2001 
215 |a 120 с.  |c ил. 
320 |a Перечень ГОСТов: с. 120 
320 |a Сведения о предприятиях-изготовителях: с. 118-119 
461 1 |0 (RuTPU)RU\TPU\book\61133  |t Электрические аппараты высокого напряжения. Выключатели   |o Справочник  |f Институт промышленного развития "Информэлектро"  |v Т. 1.  |d 2001-  |s Справочник 
610 1 |a электроэнергетика 
610 1 |a электрические аппараты 
610 1 |a выключатели 
610 1 |a технические требования 
610 1 |a воздушные выключатели 
610 1 |a элегазовые выключатели 
610 1 |a масляные выключатели 
610 1 |a справочники 
675 |a 621.316.542(035)  |v 3 
801 1 |a RU  |b 63413507  |c 20031029  |g PSBO 
801 2 |a RU  |b 63413507  |c 20031125  |g PSBO 
942 |c BK